| 000 | 00567nam a22001937a 4500 | ||
|---|---|---|---|
| 005 | 20260518142020.0 | ||
| 010 | _aENG-148538 | ||
| 020 |
_a9789364440379 _c695.00 |
||
| 035 | _aEN-132070 | ||
| 037 | _bDBAD | ||
| 082 |
_21 _a005.8 |
||
| 100 |
_aBehl, Ramesh _974605 |
||
| 245 |
_aData Visualization: _bUsing Power BI and Tableau/ _cRamesh Behl |
||
| 250 | _a1 | ||
| 260 |
_aChennai _bMcGraw Hill _c2026 |
||
| 270 |
_a5/90 A, Butt Road, St. Thomas Mount _bChennai _e600016 |
||
| 300 |
_a388p. _c27cm(pb) _bIndex |
||
| 942 |
_2ddc _cEN _h005.8 _mBEH _e1 |
||
| 999 |
_c216242 _d216242 |
||